000 01088cab a2200301 4500
001 ABS59987
008 090401t1999 xxu||||| |||| 00| 0 eng d
035 _a(Sirsi) u90672
041 _aeng
100 _aWhite, G.
245 _aCrystal clear clauses benefit all parties
260 _c1999
350 _a0
490 _aProperty Week
_v64(1) 8 January 1999, 22-23(2)
520 _aSecond of two articles looking at rent reviews; discusses the basis of valuation of rent review clauses from the perspective of both landlords and tenants. Sections on the definition of open market value, notional premises, rent free periods and inducements, letting of whole or part and permitted use. First article in series ABS59686.
650 _aDISREGARDS
650 _aNOTIONAL PREMISES
650 _aOPEN MARKET VALUE
650 _aPERMITTED USE
650 _aRENT REVIEW CLAUSES
650 _aRENT REVIEWS
650 _aRENT-FREE PERIODS
650 _aVALUATION BASIS
690 _aLandlord and tenant
_96252
700 _aVivian, J.
942 _n0
948 _c13/01/1999
999 _c57491
_d57491